Экономический анализ в условиях самостоятельности предприятий

Podrobná bibliografie
Hlavní autor: Севрук М. А. Михаил Анатольевич
Shrnutí:Исключено из фонда НТБ ТПУ
Jazyk:ruština
Vydáno: Москва, Финансы и статистика, 1989
Médium: MixedMaterials Kniha
KOHA link:https://koha.lib.tpu.ru/cgi-bin/koha/opac-detail.pl?biblionumber=32577

MARC

LEADER 00000nam0a2200000 4500
001 32577
005 20231030204935.0
035 |a (RuTPU)RU\TPU\book\32876 
035 |a BOOK00000002 
090 |a 32577 
100 |a 20011210d1989 m y0rusy50 ca 
101 0 |a rus 
102 |a RU 
105 |a а z 000zy 
200 1 |a Экономический анализ в условиях самостоятельности предприятий  |f М. А. Севрук 
210 |a Москва  |c Финансы и статистика  |d 1989 
215 |a 191 с.  |c ил. 
333 |a Исключено из фонда НТБ ТПУ 
700 1 |a Севрук  |b М. А.  |g Михаил Анатольевич 
801 0 |a RU  |b 63413507  |c 20011210  |g PSBO 
801 2 |a RU  |b 63413507  |c 20161129  |g PSBO 
942 |c BK